| 000 | 00348 a2200157 4500 | ||
|---|---|---|---|
| 001 | 58877 | ||
| 020 | _a9788535710434 | ||
| 040 | _cAnchieta - Pituba | ||
| 100 | _aDreguer, Ricardo | ||
| 240 | 1 | 0 |
_aNovo história 6º ano _lpor |
| 245 | 1 | 0 | _aNovo história 6º ano |
| 300 | _a207 | ||
| 362 | 0 | _a2009 | |
| 650 | 4 | _aHistória do mundo | |
| 942 | _cBK | ||
| 999 |
_c58877 _d58877 |
||